000 00470cam a2200145 4500500
005 20251228082900.0
041 _afre
042 _adc
100 1 0 _aBrahami, Frédéric
_eauthor
245 0 0 _aLe Dieu de Bayle est-il relativiste ?
260 _c2005.
500 _a7
786 0 _nDix-septième siècle | 226 | 1 | 2005-03-01 | p. 135-144 | 0012-4273
856 4 1 _uhttps://shs.cairn.info/revue-dix-septieme-siecle-2005-1-page-135?lang=fr&redirect-ssocas=7080
999 _c1599967
_d1599967